Alle Buchstaben der deutschen Sprache - Statistiken

Allgemein
  • Dieses Quiz wurde 1.116 mal gespielt
  • Das Durchschnittsergebnis liegt bei 29 aus 30
Antwortstatistiken
Antwort % Korrekt
Ö
100%
A
99%
Ä
99%
D
98%
E
98%
B
97%
C
97%
F
97%
G
97%
I
97%
O
97%
Q
97%
H
96%
K
96%
P
96%
R
96%
S
96%
T
96%
U
96%
Ü
96%
W
96%
J
95%
L
95%
M
95%
N
95%
Z
95%
V
94%
Y
94%
X
93%
ß
70%
Keine übereinstimmenden Quizze gefunden
Verteilung der Resultate
Anzahl Personen mit jedem Resultat
Perzentil nach korrekt beantworteten Fragen
Ihre Resultats-Entwicklung
Sie haben dieses Quiz noch nicht gespielt